000 00449nam a2200181Ia 4500
001 12891
005 20260306163014.0
008 260306t1821||||xx |||||||||||||| ||spa||
041 _aESP
082 _aRD 453.61
_bC78
100 _aCormon, J.L.B.
_eAUT
245 0 _aDiccionario italiano - español y español - italiano
260 _c1821
300 _a408 páginas :
_c14 cm.
650 _aGEN
654 _aCHU
942 _cDIC
_dJUS
_fJUS
_2ddc
_n
999 _c12891
_d12891